[Event "Moscow-ch op Superfinal"]
[Site "Ershovo"]
[Date "2024.02.24"]
[Round "3"]
[White "Smirnova, Ekaterina"]
[Black "Karpenko, Anton"]
[Result "1/2-1/2"]
[WhiteElo "2190"]
[BlackElo "1969"]
[PlyCount "88"]
[EventDate "2024.02.23"]
[EventType "swiss"]
[EventRounds "10"]
[EventCountry "RUS"]
[SourceTitle "CB10_2024"]
[SourceDate "2024.03.06"]
[SourceVersion "1"]
[SourceVersionDate "2024.03.06"]
[SourceQuality "1"]

1. d4 Nf6 2. c4 g6 3. Nc3 Bg7 4. e4 d6 5. Be2 0-0 6. Bg5 c5 7. d5 h6 8. Bf4 e6 9. Qd2 exd5 10. exd5 Kh7 11. Nf3 Bf5 12. 0-0 Ne4 13. Nxe4 Bxe4 14. Rae1 Qf6 15. Bd1 Bxf3 16. Bxf3 Nd7 17. b3 Rfe8 18. Bd1 a6 19. a4 h5 20. Bc2 Kg8 21. a5 Kf8 22. h3 Rxe1 23. Rxe1 Re8 24. Rxe8+ Kxe8 25. Qe3+ Kf8 26. Kh2 Qe7 27. Qxe7+ Kxe7 28. Bd2 Be5+ 29. f4 Bb2 30. b4 Ba3 31. bxc5 dxc5 32. f5 gxf5 33. Bxf5 Ne5 34. d6+ Kxd6 35. Bf4 f6 36. Be4 Ke7 37. Bxe5 fxe5 38. Bxb7 Bb4 39. Bxa6 h4 40. Bb7 Bxa5 41. g3 hxg3+ 42. Kxg3 Kf6 43. Kg4 Be1 44. Be4 Bf2 1/2-1/2

[Event "Moscow-ch op Superfinal"]
[Site "Ershovo"]
[Date "2024.02.23"]
[Round "1"]
[White "Pshmahov, Osman"]
[Black "Karpenko, Anton"]
[Result "1/2-1/2"]
[WhiteElo "2243"]
[BlackElo "1969"]
[PlyCount "107"]
[EventDate "2024.02.23"]
[EventType "swiss"]
[EventRounds "10"]
[EventCountry "RUS"]
[SourceTitle "CB10_2024"]
[SourceDate "2024.03.06"]
[SourceVersion "1"]
[SourceVersionDate "2024.03.06"]
[SourceQuality "1"]

1. d4 Nf6 2. c4 g6 3. Nc3 Bg7 4. e4 d6 5. Be2 0-0 6. Be3 e5 7. d5 Na6 8. g4 Nc5 9. f3 h5 10. h3 a5 11. Bg5 Qe8 12. Nb5 Qd7 13. Qd2 Nh7 14. Be3 h4 15. Bd1 Qd8 16. Bc2 Bf6 17. Ne2 Bg5 18. Bxg5 Nxg5 19. Qe3 Na6 20. 0-0-0 Bd7 21. Nbc3 Nc5 22. Kb1 Rb8 23. a4 Nh7 24. f4 exf4 25. Nxf4 Qg5 26. Qd2 Qe7 27. Ng2 g5 28. Rhf1 f6 29. Ne1 Qg7 30. Nf3 Rbe8 31. Rde1 Rf7 32. Qe3 b6 33. Nb5 Bxb5 34. axb5 Nf8 35. e5 dxe5 36. Nd4 Rd8 37. Nf5 Qh8 38. Qf3 Nb7 39. Rxe5 fxe5 40. Nh6+ Qxh6 41. Qxf7+ Kh8 42. Qxc7 Rd7 43. Rxf8+ Qxf8 44. Qxd7 Qf1+ 45. Ka2 Qxc4+ 46. Bb3 Qxb3+ 47. Kb1 Qd1+ 48. Ka2 Qa4+ 49. Kb1 Qe4+ 50. Ka1 Nc5 51. Qe8+ Kg7 52. Qe7+ Kh6 53. Qf6+ Qg6 54. Qh8+ 1/2-1/2

[Event "St Petersburg Korchnoi Memorial op"]
[Site "St Petersburg"]
[Date "2023.08.21"]
[Round "6"]
[White "Karpenko, Anton"]
[Black "Bondarenko, Ivan"]
[Result "0-1"]
[WhiteElo "1868"]
[BlackElo "2144"]
[PlyCount "72"]
[EventDate "2023.08.18"]
[EventType "swiss"]
[EventRounds "9"]
[EventCountry "RUS"]
[SourceTitle "EXT 2024"]
[Source "ChessBase"]
[SourceDate "2023.10.10"]
[SourceVersion "1"]
[SourceVersionDate "2023.10.10"]
[SourceQuality "1"]

1. d4 Nf6 2. c4 e6 3. g3 c5 4. d5 exd5 5. cxd5 d6 6. Nc3 g6 7. Bg2 Bg7 8. Nf3 0-0 9. 0-0 Re8 10. Bf4 Bf5 11. Nd2 Nh5 12. e4 Nxf4 13. gxf4 Bd7 14. Nc4 Bxc3 15. bxc3 Bb5 16. Qb3 Bxc4 17. Qxc4 Nd7 18. Rfe1 Qh4 19. Qb5 Nf6 20. Re2 Qxf4 21. Qxb7 Rad8 22. Rae1 Re5 23. h3 Rde8 24. Re3 Rg5 25. Qb5 Ree5 26. Qd3 Nh5 27. c4 Qh4 28. Qb3 Kg7 29. Qc3 Kh6 30. Kf1 Nf4 31. Bh1 Rg4 32. Rg3 Rxg3 33. fxg3 Qxh3+ 34. Kf2 Rg5 35. Rg1 Qh2+ 36. Bg2 Nh3+ 0-1

[Event "St Petersburg Korchnoi Memorial op"]
[Site "St Petersburg"]
[Date "2023.08.21"]
[Round "5"]
[White "Karpenko, Anton"]
[Black "Dorokhina, Elizaveta"]
[Result "1-0"]
[WhiteElo "1868"]
[BlackElo "2082"]
[PlyCount "93"]
[EventDate "2023.08.18"]
[EventType "swiss"]
[EventRounds "9"]
[EventCountry "RUS"]
[SourceTitle "EXT 2024"]
[Source "ChessBase"]
[SourceDate "2023.10.10"]
[SourceVersion "1"]
[SourceVersionDate "2023.10.10"]
[SourceQuality "1"]

1. d4 e6 2. c4 Nf6 3. g3 Bb4+ 4. Bd2 Bxd2+ 5. Nxd2 d5 6. Ngf3 0-0 7. Bg2 Nbd7 8. 0-0 b6 9. cxd5 exd5 10. Rc1 c5 11. dxc5 bxc5 12. Qc2 Ba6 13. Nb3 Rc8 14. Rfd1 Qe7 15. e3 Qe6 16. Ng5 Qg4 17. Rxd5 Qh5 18. Rd6 Bb5 19. h4 Ne5 20. Nd2 h6 21. Rxf6 Bd3 22. Qc3 gxf6 23. Nh3 Rcd8 24. Nf4 Qf5 25. e4 Qc8 26. Nd5 Qa6 27. Nb3 Rxd5 28. exd5 c4 29. Na5 Qb6 30. Nc6 Ng4 31. Qd4 h5 32. Qxb6 axb6 33. Re1 f5 34. d6 Nf6 35. Re5 Kg7 36. Re7 Ra8 37. Ne5 Rf8 38. d7 Be4 39. Bxe4 fxe4 40. Rxf7+ Rxf7 41. d8Q Ra7 42. Qxb6 Rxa2 43. Qc7+ Kh8 44. Qd8+ Ng8 45. Qg5 Rxb2 46. Qxh5+ Kg7 47. Qg6+ 1-0

[Event "Wch U12 blitz"]
[Site "Batumi"]
[Date "2023.06.11"]
[Round "9"]
[White "Temirbekov, Taimaz"]
[Black "Karpenko, Anton"]
[Result "1-0"]
[WhiteElo "1924"]
[BlackElo "1978"]
[PlyCount "85"]
[EventDate "2023.06.10"]
[EventType "swiss (blitz)"]
[EventRounds "11"]
[EventCountry "GEO"]
[SourceTitle "EXT 2024"]
[Source "ChessBase"]
[SourceDate "2023.10.10"]
[SourceVersion "1"]
[SourceVersionDate "2023.10.10"]
[SourceQuality "1"]
[WhiteTeam "Russia"]
[BlackTeam "Russia"]
[WhiteTeamCountry "RUS"]
[BlackTeamCountry "RUS"]

1. e4 c5 2. Nf3 Nc6 3. d4 cxd4 4. Nxd4 Nf6 5. Nc3 d6 6. f3 e5 7. Nb3 Be7 8. Be3 0-0 9. Qd2 Be6 10. 0-0-0 a5 11. Bb5 Nb4 12. Kb1 d5 13. exd5 Nbxd5 14. Nxd5 Nxd5 15. Bc4 Nxe3 16. Qxe3 Qc8 17. Bxe6 Qxe6 18. Rhe1 f6 19. a3 Rfd8 20. Qe4 b5 21. Rxd8+ Rxd8 22. Nxa5 Rd2 23. Nb3 Rxg2 24. f4 Rxh2 25. fxe5 fxe5 26. Nd4 Qd6 27. Nxb5 Qc5 28. Nc3 Bf6 29. Rd1 h5 30. Qg6 h4 31. Rc1 h3 32. Ne4 Qe7 33. Rg1 Kf8 34. Rf1 Qf7 35. Qf5 Kg8 36. Qc8+ Qf8 37. Qe6+ Qf7 38. Qc8+ Qf8 39. Qg4 Kh7 40. Nxf6+ gxf6 41. Rg1 Rd2 42. Qh5+ Qh6 43. Qf7+ 1-0

[Event "Wch U12 blitz"]
[Site "Batumi"]
[Date "2023.06.10"]
[Round "2"]
[White "Arakelyan, Manvel"]
[Black "Karpenko, Anton"]
[Result "0-1"]
[WhiteElo "1703"]
[BlackElo "1978"]
[PlyCount "75"]
[EventDate "2023.06.10"]
[EventType "swiss (blitz)"]
[EventRounds "11"]
[EventCountry "GEO"]
[SourceTitle "EXT 2024"]
[Source "ChessBase"]
[SourceDate "2023.10.10"]
[SourceVersion "1"]
[SourceVersionDate "2023.10.10"]
[SourceQuality "1"]
[WhiteTeam "Armenia"]
[BlackTeam "Russia"]
[WhiteTeamCountry "ARM"]
[BlackTeamCountry "RUS"]

1. e4 c5 2. Nf3 Nc6 3. d4 cxd4 4. Nxd4 Nf6 5. Nc3 d6 6. Bc4 e6 7. Be3 Be7 8. f3 0-0 9. Qd2 a6 10. 0-0-0 Nxd4 11. Bxd4 b5 12. Bb3 Bb7 13. Kb1 Nd7 14. Qf2 Qc7 15. Qg3 e5 16. Be3 Nf6 17. Qf2 Bc6 18. g4 b4 19. Nd5 Nxd5 20. Bxd5 Bxd5 21. Rxd5 Rfc8 22. Rhd1 Qc4 23. Qd2 a5 24. Qd3 Qc6 25. Rd2 Rcb8 26. f4 a4 27. fxe5 dxe5 28. Rxe5 Bf6 29. Rd5 b3 30. cxb3 axb3 31. axb3 Qe6 32. Bd4 Be7 33. Bc5 Bxc5 34. Rxc5 Qxg4 35. Rd5 Qg1+ 36. Rd1 Qb6 37. e5 g6 38. Qc4 0-1

[Event "Wch U12 blitz"]
[Site "Batumi"]
[Date "2023.06.10"]
[Round "1"]
[White "Karpenko, Anton"]
[Black "Kanatbekov, Amir"]
[Result "1-0"]
[WhiteElo "1978"]
[BlackElo "1431"]
[PlyCount "91"]
[EventDate "2023.06.10"]
[EventType "swiss (blitz)"]
[EventRounds "11"]
[EventCountry "GEO"]
[SourceTitle "EXT 2024"]
[Source "ChessBase"]
[SourceDate "2023.10.10"]
[SourceVersion "1"]
[SourceVersionDate "2023.10.10"]
[SourceQuality "1"]
[WhiteTeam "Russia"]
[BlackTeam "Kyrgyzstan"]
[WhiteTeamCountry "RUS"]
[BlackTeamCountry "KGZ"]

1. d4 d5 2. c4 e6 3. Nf3 Nf6 4. g3 c5 5. Bg2 Nc6 6. 0-0 cxd4 7. Nxd4 Bc5 8. Nb3 Be7 9. Nc3 dxc4 10. Nd2 0-0 11. Nxc4 h6 12. Bf4 Bb4 13. Rc1 Bd7 14. Qb3 Bxc3 15. Qxc3 Qc8 16. Nd6 Qd8 17. Nxb7 Qb6 18. Nc5 Ne7 19. Nxd7 Nxd7 20. Bxa8 Rxa8 21. Qc7 Qb5 22. Rfd1 Nd5 23. Qc6 Qxc6 24. Rxc6 N7f6 25. Be5 Nd7 26. Bd4 N7f6 27. Bxf6 Nxf6 28. Rdc1 Kh7 29. Rc8 Rxc8 30. Rxc8 Nd5 31. e4 Nb4 32. a3 Nd3 33. b4 Ne5 34. Rc7 Nf3+ 35. Kg2 Ne1+ 36. Kf1 Nf3 37. Rxf7 Nxh2+ 38. Ke2 Ng4 39. Rxa7 Ne5 40. b5 Nc4 41. a4 Kg6 42. a5 Kf6 43. b6 Nd6 44. b7 Nxb7 45. Rxb7 Kg6 46. a6 1-0

[Event "Wch U12 rapid"]
[Site "Batumi"]
[Date "2023.06.07"]
[Round "5"]
[White "Karpenko, Anton"]
[Black "Dauren, Darmen"]
[Result "0-1"]
[WhiteElo "1917"]
[BlackElo "1559"]
[PlyCount "54"]
[EventDate "2023.06.06"]
[EventType "swiss (rapid)"]
[EventRounds "11"]
[EventCountry "GEO"]
[SourceTitle "EXT 2024"]
[Source "ChessBase"]
[SourceDate "2023.10.10"]
[SourceVersion "1"]
[SourceVersionDate "2023.10.10"]
[SourceQuality "1"]
[WhiteTeam "FIDE"]
[BlackTeam "Kazakhstan"]
[BlackTeamCountry "KAZ"]

1. d4 d5 2. c4 c6 3. Nf3 Nf6 4. g3 Bg4 5. Bg2 e6 6. h3 Bh5 7. g4 Bg6 8. Nh4 Be4 9. Nf3 Bd6 10. Nc3 Bg6 11. Qb3 Qc7 12. c5 Be7 13. Ne5 Nbd7 14. Bf4 Qc8 15. Nxg6 hxg6 16. e3 b6 17. cxb6 axb6 18. 0-0 0-0 19. Rfc1 Qb7 20. a4 Ra5 21. Bf1 Rfa8 22. f3 b5 23. Qd1 Qa7 24. Nxb5 cxb5 25. Bxb5 e5 26. dxe5 Nxe5 27. Qd4 Nxf3+ 0-1

[Event "EU-ch Hybrid U10"]
[Site "Tornelo INT"]
[Date "2021.10.15"]
[Round "8"]
[White "Karpenko, Anton"]
[Black "Gabadadze, Gabriel"]
[Result "1/2-1/2"]
[WhiteElo "1634"]
[BlackElo "1407"]
[PlyCount "129"]
[EventDate "2021.10.15"]
[EventType "swiss"]
[EventRounds "9"]
[EventCountry "NET"]
[SourceTitle "EXT 2023"]
[Source "ChessBase"]
[SourceDate "2022.10.05"]
[SourceVersion "1"]
[SourceVersionDate "2022.10.05"]
[SourceQuality "1"]
[WhiteTeam "Russia"]
[BlackTeam "Georgia"]
[WhiteTeamCountry "RUS"]
[BlackTeamCountry "GEO"]

1. d4 Nf6 2. c4 e6 3. g3 d5 4. Nf3 dxc4 5. Bg2 c5 6. 0-0 Be7 7. dxc5 0-0 8. Nbd2 Bxc5 9. Nxc4 Nc6 10. Qxd8 Rxd8 11. Be3 Bxe3 12. Nxe3 Bd7 13. Rfd1 Be8 14. Rac1 Rac8 15. a3 Kf8 16. Nc4 Ke7 17. Kf1 h6 18. Ke1 Rxd1+ 19. Rxd1 Ne4 20. Nfe5 Nxe5 21. Nxe5 Nd6 22. Kd2 f6 23. Nd3 Bc6 24. Bxc6 Rxc6 25. b3 Nb5 26. a4 Nd4 27. Rb1 Rc2+ 28. Ke3 e5 29. Nc1 Kd6 30. g4 Rc3+ 31. Kd2 Rh3 32. Nd3 Rxh2 33. Ke3 Rg2 34. b4 Rxg4 35. Rc1 Rh4 36. Rc8 Rh3+ 37. Kd2 h5 38. e3 Nf3+ 39. Ke2 e4 40. Nc5 f5 41. Nxb7+ Kd7 42. Rc1 g5 43. Nc5+ Ke7 44. b5 g4 45. a5 g3 46. b6 axb6 47. a6 Rh2 48. Nd3 exd3+ 49. Kxf3 Rxf2+ 50. Kxg3 Ra2 51. Kf4 Rxa6 52. Rd1 Kf6 53. Rxd3 Ra4+ 54. Kf3 b5 55. Rd6+ Kg5 56. Rd5 Rb4 57. e4 Rxe4 58. Rxb5 Ra4 59. Rb8 Ra3+ 60. Kg2 h4 61. Rg8+ Kf4 62. Rf8 Rg3+ 63. Kf2 h3 64. Rxf5+ Kxf5 65. Kxg3 1/2-1/2